000
00213nam a22000977a 4500
003
SGT
245
_a
Journal of Indian Prosthodontics Society
260
_b
Wolters
_c
2021-2022
300
_a
434,412
942
_2
ddc
_c
BV
999
_c
30309
_d
30309